Tin học văn phòng trên Windows; T1 Windows và Winword
Sách hướng dẫn sử dụng các nội dung chủ yếu của Windows, những tính năng của Winword 6.0 để ứng dụng vào công tác văn phòng trên môi trường Windows
Zapisane w:
| 1. autor: | |
|---|---|
| Format: | Książka |
| Język: | Undetermined |
| Wydane: |
Hà Nội
Giáo Dục
1996
|
| Hasła przedmiotowe: | |
| Etykiety: |
Dodaj etykietę
Nie ma etykietki, Dołącz pierwszą etykiete!
|
| Thư viện lưu trữ: | Trung tâm Học liệu Trường Đại học Cần Thơ |
|---|
| LEADER | 00838nam a2200217Ia 4500 | ||
|---|---|---|---|
| 001 | CTU_28753 | ||
| 008 | 210402s9999 xx 000 0 und d | ||
| 020 | |b 11.000đ | ||
| 082 | |a 005.15 | ||
| 082 | |b M312 | ||
| 100 | |a Phạm Thanh Minh | ||
| 245 | 0 | |a Tin học văn phòng trên Windows; T1 | |
| 245 | 0 | |b Windows và Winword | |
| 245 | 0 | |c Phạm Thanh Minh | |
| 260 | |a Hà Nội | ||
| 260 | |b Giáo Dục | ||
| 260 | |c 1996 | ||
| 520 | |a Sách hướng dẫn sử dụng các nội dung chủ yếu của Windows, những tính năng của Winword 6.0 để ứng dụng vào công tác văn phòng trên môi trường Windows | ||
| 650 | |a windows ( computer programs ),winword ( computer programs ) | ||
| 904 | |i Minh, 990304 | ||
| 980 | |a Trung tâm Học liệu Trường Đại học Cần Thơ | ||